| 000 | 00342nam a2200145Ia 4500 | ||
|---|---|---|---|
| 005 | 20251222144842.0 | ||
| 008 | 251222s9999||||xx |||||||||||||| ||spa|| | ||
| 020 | _a8425420881 | ||
| 082 | _a863.509/D97 | ||
| 100 | _aDupré, Louis | ||
| 245 | 0 | _aSimbolismo Religioso | |
| 250 | _a1ra.ed. | ||
| 264 | _bEditorial Herder, S.A. | ||
| 942 | _cLIB | ||
| 999 |
_c21279 _d21279 |
||